[Event "12 Indiv. Champ. Greece - Men U18"]
[Site "?"]
[Date "2009.??.??"]
[Round "1.1"]
[White "Kafetzopoulos, Anastasios"]
[Black "Pavlidis, Antonios"]
[Result "0-1"]
[WhiteElo "1912"]
[BlackElo "2278"]
[PlyCount "48"]
[EventDate "2009.01.02"]

1. d4 Nf6 2. c4 g6 3. Nc3 d5 4. Nf3 Bg7 5. Bf4 O-O 6. e3 c5 7. dxc5 Qa5 8. Rc1
Rd8 9. Qa4 Qxc5 10. cxd5 Nxd5 11. Qc4 Qa5 12. Be5 Bxe5 13. Nxe5 Be6 14. Qa4 Qc7
15. Nd3 Nc6 16. Be2 Qb6 17. O-O Bf5 18. Rfd1 Nxe3 19. fxe3 Bxd3 20. Bxd3 Qxe3+
21. Kh1 Rxd3 22. Re1 Qb6 23. Qc4 Rd4 24. Qe2 Rad8 0-1

[Event "12 Indiv. Champ. Greece - Men U18"]
[Site "?"]
[Date "2009.??.??"]
[Round "1.2"]
[White "Kourousis, Epaminondas"]
[Black "Dimopoulos, Dimitrios"]
[Result "1-0"]
[WhiteElo "2228"]
[BlackElo "1892"]
[PlyCount "109"]
[EventDate "2009.01.02"]

1. Nf3 Nf6 2. c4 g6 3. Nc3 Bg7 4. e4 d6 5. d4 O-O 6. h3 Nbd7 7. Bg5 e5 8. d5 a5
9. Nd2 Nc5 10. Be2 h6 11. Be3 Nfd7 12. g4 Qe7 13. h4 c6 14. h5 g5 15. Kf1 Re8
16. Kg2 Qd8 17. Qc2 Na6 18. a3 c5 19. Rhb1 b6 20. f3 Bb7 21. Nb3 Qe7 22. Nc1
Reb8 23. Nd3 Qd8 24. Ra2 Bf8 25. b3 Nc7 26. b4 axb4 27. axb4 Rxa2 28. Qxa2 Qc8
29. Na4 Ba6 30. Nc3 Ra8 31. Qb3 Rb8 32. Ra1 Be7 33. Ra3 Kg7 34. Qa2 Ra8 35. Bd1
Bb7 36. Ba4 Nb8 37. Bb5 Rxa3 38. Qxa3 Nca6 39. Kf2 Kf8 40. Ke2 Kg7 41. Kd2 Nd7
42. Bc6 Nab8 43. b5 Nf6 44. Qa7 Bxc6 45. dxc6 Bd8 46. Na4 Qc7 47. Qxc7 Bxc7 48.
Nc1 Ng8 49. Ne2 Ne7 50. Ng3 Kf8 51. Nf5 Nxf5 52. exf5 Nd7 53. cxd7 Ke7 54. Nc3
Kxd7 55. Bxg5 1-0

[Event "12 Indiv. Champ. Greece - Men U18"]
[Site "?"]
[Date "2009.??.??"]
[Round "1.3"]
[White "Liodakis, Konstantinos"]
[Black "Galopoulos, N."]
[Result "0-1"]
[WhiteElo "1888"]
[BlackElo "2217"]
[PlyCount "70"]
[EventDate "2009.01.02"]

1. d4 Nf6 2. c4 e6 3. Nc3 d5 4. cxd5 exd5 5. Bg5 c6 6. Qc2 Be7 7. e3 O-O 8. Bd3
Nbd7 9. Nge2 Re8 10. O-O Nf8 11. f3 h6 12. Bh4 c5 13. Bb5 Bd7 14. Bxd7 N8xd7
15. Bf2 Rc8 16. Rae1 Nb6 17. e4 dxe4 18. fxe4 cxd4 19. Nxd4 Bc5 20. Nf5 Qc7 21.
h3 Nc4 22. Kh1 Qe5 23. Bg3 Qe6 24. Qe2 Bf8 25. Qf2 Kh7 26. Bh2 Qb6 27. Qh4 Re6
28. Nxh6 g5 29. Qxg5 Bxh6 30. Qf5+ Kh8 31. e5 Ne3 32. Rxe3 Qxe3 33. exf6 Qg5
34. Qf3 Rcc6 35. Nd5 Rc1 0-1

[Event "12 Indiv. Champ. Greece - Men U18"]
[Site "?"]
[Date "2009.??.??"]
[Round "1.4"]
[White "Filippas, Sebastian"]
[Black "Karaoulanis, Dimitrios"]
[Result "1-0"]
[WhiteElo "2190"]
[BlackElo "1886"]
[PlyCount "67"]
[EventDate "2009.01.02"]

1. d4 Nf6 2. c4 g6 3. Nc3 d5 4. Nf3 Bg7 5. e3 O-O 6. b4 c6 7. Qb3 Bg4 8. Bb2
Bxf3 9. gxf3 e6 10. a4 Nbd7 11. cxd5 cxd5 12. Be2 Rc8 13. Nb5 a6 14. Nd6 Rc7
15. b5 Nb8 16. Ba3 Ne8 17. bxa6 Nxd6 18. a7 Nc6 19. a8=Q Qxa8 20. Bxd6 Na5 21.
Qb2 Nc4 22. Bxc4 Rxc4 23. Bxf8 Bxf8 24. O-O Qd8 25. f4 Qh4 26. Qe2 Qh3 27. Rfc1
Rb4 28. Rcb1 Rc4 29. Rxb7 Qf5 30. a5 Rc2 31. Qd1 g5 32. Qh5 h6 33. a6 e5 34. a7
1-0

[Event "12 Indiv. Champ. Greece - Men U18"]
[Site "?"]
[Date "2009.??.??"]
[Round "1.5"]
[White "Stefanatos, Nikolaos"]
[Black "Kaforos, Dimitrios-Alkis"]
[Result "1/2-1/2"]
[WhiteElo "1879"]
[BlackElo "2182"]
[PlyCount "131"]
[EventDate "2009.01.02"]

1. d4 Nf6 2. c4 c5 3. d5 e6 4. Nc3 exd5 5. cxd5 d6 6. e4 g6 7. Nf3 Bg7 8. Bd3
O-O 9. h3 Na6 10. O-O Nc7 11. Bf4 b5 12. Re1 c4 13. Bc2 b4 14. Ne2 Nh5 15. Bg5
Qe8 16. Ned4 h6 17. Ba4 Bd7 18. Bxd7 Qxd7 19. Bd2 Na6 20. Qc1 c3 21. bxc3 Rac8
22. Nc6 Rfe8 23. Rb1 Nc5 24. Qc2 bxc3 25. Bxc3 Bxc3 26. Qxc3 Nxe4 27. Qa3 Nf4
28. Rb5 Nxd5 29. Rxd5 Qxc6 30. Ra5 Qb6 31. Re2 Nxf2 32. Rxe8+ Rxe8 33. Kh2 Ne4
34. Rxa7 Qf2 35. Ra8 Nf6 36. Rxe8+ Nxe8 37. Qa8 Qe3 38. a4 Kg7 39. a5 Nc7 40.
Qb7 Qc5 41. a6 Nb5 42. Nd2 d5 43. Nb3 Qc4 44. Na5 Qc7+ 45. Qxc7 Nxc7 46. a7 Kf6
47. Kg3 Ke6 48. Kf4 f6 49. Ke3 Kd6 50. Nb7+ Kc6 51. Nd8+ Kb6 52. Kd4 Kxa7 53.
Kc5 Kb8 54. Kd6 Kc8 55. Nc6 Kb7 56. Nd4 Kb6 57. Ke7 Kc5 58. Nf3 f5 59. Kf6 d4
60. Kxg6 Kd5 61. Kxf5 d3 62. Kg6 Ke4 63. Kxh6 Ne6 64. Nd2+ Ke3 65. Nb1 Nf4 66.
g4 1/2-1/2

[Event "12 Indiv. Champ. Greece - Men U18"]
[Site "?"]
[Date "2009.??.??"]
[Round "1.6"]
[White "Dounis, Alexandros"]
[Black "Asimakopoulos, Konstantinos"]
[Result "0-1"]
[WhiteElo "2158"]
[BlackElo "1870"]
[PlyCount "73"]
[EventDate "2009.01.02"]

1. e4 e5 2. Nf3 Nc6 3. Bb5 a6 4. Ba4 d6 5. h3 Nf6 6. d3 Be7 7. c3 O-O 8. O-O b5
9. Bc2 Bb7 10. Re1 Nb8 11. Nbd2 c5 12. Nf1 Nbd7 13. g4 Qc7 14. Bg5 h6 15. Bd2
d5 16. exd5 Nxd5 17. Ng3 Bd6 18. Nf5 Rfe8 19. Qe2 Nf4 20. Bxf4 exf4 21. Qxe8+
Rxe8 22. Rxe8+ Nf8 23. Nd2 Qc6 24. Re4 Ne6 25. Rae1 Ng5 26. d4 g6 27. Nxd6 Qxd6
28. Re8+ Kg7 29. Be4 Nxh3+ 30. Kg2 Bxe4+ 31. Nxe4 Qc6 32. Re5 Ng5 33. Rxc5 f3+
34. Kh2 Qe6 35. Rxg5 hxg5 36. Re3 Qxg4 37. Nd2 0-1

[Event "12 Indiv. Champ. Greece - Men U18"]
[Site "?"]
[Date "2009.??.??"]
[Round "1.7"]
[White "Makropoulos, Ioannis"]
[Black "Malikentzos, Sotirios"]
[Result "0-1"]
[WhiteElo "1860"]
[BlackElo "2154"]
[PlyCount "80"]
[EventDate "2009.01.02"]

1. e4 c6 2. d4 d5 3. Nc3 dxe4 4. Nxe4 Bf5 5. Nc5 b6 6. Nb3 e6 7. g3 Bd6 8. Nf3
Ne7 9. Bg2 O-O 10. O-O Nd7 11. Re1 Qc7 12. Qe2 a5 13. a4 Rad8 14. c4 c5 15. Be3
Nc6 16. Red1 Bg4 17. h3 Bh5 18. g4 Bg6 19. Rd2 cxd4 20. Nfxd4 Nxd4 21. Nxd4 Bb4
22. Nb5 Qb8 23. Rd4 Bc5 24. Rd2 Bxe3 25. Qxe3 Nc5 26. Nd4 Qc7 27. Rad1 Nxa4 28.
b3 Nc5 29. f4 h6 30. Nb5 Rxd2 31. Qxd2 Qe7 32. Nd4 Kh8 33. b4 axb4 34. Nc6 Qc7
35. Nxb4 Ne4 36. Bxe4 Bxe4 37. Rc1 Rd8 38. Qf2 f5 39. Na6 Qa7 40. Nb4 Qa3 0-1

[Event "12 Indiv. Champ. Greece - Men U18"]
[Site "?"]
[Date "2009.??.??"]
[Round "1.8"]
[White "Homatidis, Panagiotis"]
[Black "Asimakopoulos, Ioannis"]
[Result "1-0"]
[WhiteElo "2133"]
[BlackElo "1823"]
[PlyCount "101"]
[EventDate "2009.01.02"]

1. e4 e5 2. Nf3 Nc6 3. Bb5 a6 4. Ba4 d6 5. O-O Nf6 6. d4 Bd7 7. Re1 b5 8. Bb3
Be7 9. c3 O-O 10. Nbd2 Bg4 11. h3 Bh5 12. Bd5 Qd7 13. dxe5 Nxd5 14. exd5 Bxf3
15. Nxf3 Nxe5 16. Nxe5 dxe5 17. Rxe5 Bf6 18. Re3 Rad8 19. Rd3 c6 20. Be3 Rfe8
21. Bb6 Rb8 22. dxc6 Qxc6 23. Bd4 Bxd4 24. Rxd4 Qe6 25. Rd6 Qe2 26. Qxe2 Rxe2
27. Rad1 g6 28. R6d2 Rxd2 29. Rxd2 Rb6 30. Kf1 Kg7 31. Ke2 Kf6 32. Kd1 Ke5 33.
Kc2 h5 34. Kb3 a5 35. c4 bxc4+ 36. Kxc4 a4 37. b4 axb3 38. axb3 f5 39. b4 g5
40. b5 Rb8 41. Kc5 Rc8+ 42. Kb6 Rc1 43. Kb7 g4 44. b6 gxh3 45. gxh3 Rc3 46. Rb2
Rxh3 47. Kc8 Rc3+ 48. Kd7 Rd3+ 49. Ke7 Rc3 50. Kd7 Rd3+ 51. Ke8 1-0

[Event "12 Indiv. Champ. Greece - Men U18"]
[Site "?"]
[Date "2009.??.??"]
[Round "1.9"]
[White "Kostas, Alexandros"]
[Black "Pambalos, Panayiotis"]
[Result "0-1"]
[WhiteElo "1819"]
[BlackElo "2123"]
[PlyCount "92"]
[EventDate "2009.01.02"]

1. d4 d5 2. Nc3 Nf6 3. Bg5 e6 4. e4 dxe4 5. Nxe4 Be7 6. Bxf6 gxf6 7. Nf3 b6 8.
Qd2 Bb7 9. Nc3 c6 10. O-O-O Nd7 11. Bc4 Qc7 12. Rhe1 O-O-O 13. Qe2 Bb4 14. Rd3
a5 15. a3 Bf8 16. Red1 Kb8 17. a4 Bg7 18. Kb1 Qd6 19. Ne4 Qb4 20. Rb3 Qe7 21.
Ba6 f5 22. Ng3 Rhe8 23. Bxb7 Kxb7 24. Re1 Bf6 25. Ne5 Bxe5 26. dxe5 Nc5 27. Ra3
Rd4 28. b3 Nd3 29. Rd1 Qxa3 30. Rxd3 Red8 31. Rxd4 Rxd4 32. f3 Qb4 33. Nf1 Qc3
34. g3 Rd5 35. f4 Rd4 36. Ka2 Re4 37. Qd2 Qxd2 38. Nxd2 Re2 39. Nc4 Rxc2+ 40.
Ka3 Rxh2 41. Nd6+ Kc7 42. Nxf7 Kd7 43. Ng5 h6 44. Nf7 h5 45. Ng5 h4 46. Nf3
hxg3 0-1

[Event "12 Indiv. Champ. Greece - Men U18"]
[Site "?"]
[Date "2009.??.??"]
[Round "1.10"]
[White "Hristodoulou, Panagiotis"]
[Black "Apostolou, Elias"]
[Result "1-0"]
[WhiteElo "2110"]
[BlackElo "1812"]
[PlyCount "35"]
[EventDate "2009.01.02"]

1. e4 e5 2. d4 exd4 3. Qxd4 Nc6 4. Qe3 g6 5. Nc3 Bg7 6. Bc4 d6 7. Bd2 Be6 8.
Bxe6 fxe6 9. O-O-O Qf6 10. f4 a5 11. Nf3 Nh6 12. e5 dxe5 13. fxe5 Qe7 14. Qe2
Nf7 15. Bf4 Bxe5 16. Nxe5 Ncxe5 17. Rhe1 Nd7 18. Nd5 1-0

[Event "12 Indiv. Ch. Greece-Men U18"]
[Site "?"]
[Date "2009.01.03"]
[Round "2.1"]
[White "Pavlidis, Antonios"]
[Black "Rigopoulos-Tsigkos, Alexandros"]
[Result "1-0"]
[WhiteElo "2278"]
[BlackElo "2020"]
[PlyCount "95"]
[EventDate "2009.01.02"]

1. e4 c5 2. Nf3 e6 3. d4 cxd4 4. Nxd4 a6 5. Nc3 b5 6. Bd3 Qb6 7. Nf3 Nc6 8. O-O
Qb8 9. Re1 Bd6 10. a4 b4 11. Nb1 Nge7 12. Nbd2 Ng6 13. Nc4 Bc7 14. Bf1 O-O 15.
a5 Nge5 16. Ncxe5 Nxe5 17. Nd4 Nc6 18. Nxc6 dxc6 19. h3 Bh2+ 20. Kh1 Bf4 21.
Bxf4 Qxf4 22. Qd4 e5 23. Qc5 Be6 24. Rad1 h6 25. Kg1 Qg5 26. Rd3 Rfd8 27. Rg3
Qf4 28. Qxb4 Rd4 29. Qc3 Rad8 30. Bxa6 c5 31. Rf3 Qg5 32. b3 c4 33. Bxc4 Rc8
34. Qe3 Bxc4 35. Qxg5 hxg5 36. bxc4 Rdxc4 37. Ra3 R8c7 38. Rb1 Ra7 39. Rb8+ Kh7
40. Rb5 f6 41. c3 Rxe4 42. a6 Re1+ 43. Kh2 Rd1 44. Rb7 Rxb7 45. axb7 Rb1 46.
Ra7 Kg6 47. c4 Kf5 48. c5 1-0

[Event "12 Indiv. Ch. Greece-Men U18"]
[Site "?"]
[Date "2009.01.03"]
[Round "2.2"]
[White "Barbagiannis, Panayotis"]
[Black "Kourousis, Epaminondas"]
[Result "0-1"]
[WhiteElo "1941"]
[BlackElo "2228"]
[PlyCount "113"]
[EventDate "2009.01.02"]

1. Nf3 Nf6 2. d4 e6 3. c4 b6 4. e3 Bb7 5. Bd3 Bb4+ 6. Bd2 Bxd2+ 7. Nbxd2 c5 8.
O-O O-O 9. e4 cxd4 10. e5 Nh5 11. Nxd4 Nf4 12. Ne4 Qc7 13. Nf3 Ng6 14. Nd6 Bxf3
15. Qxf3 Nc6 16. Bxg6 hxg6 17. Qg3 Nd4 18. Qg4 Qc5 19. Rae1 Nc6 20. Qg3 Ne7 21.
Re4 Nf5 22. Nxf5 exf5 23. Rh4 Rae8 24. Qh3 f6 25. exf6 Rxf6 26. Rh8+ Kf7 27.
Rxe8 Kxe8 28. Qh8+ Qf8 29. Qxf8+ Rxf8 30. f4 d6 31. Kf2 Kd7 32. Ke3 Kc6 33. b4
Re8+ 34. Kd3 Re4 35. Rf3 d5 36. cxd5+ Kxd5 37. a3 Rd4+ 38. Kc3 Ke4 39. a4 a5
40. bxa5 bxa5 41. Rg3 Rd6 42. Kc4 Kxf4 43. Kb5 Rd5+ 44. Kc4 Rd6 45. Kb5 g5 46.
Kxa5 g4 47. Kb5 Rh6 48. a5 Rxh2 49. Rb3 Rxg2 50. a6 Rh2 51. a7 Rh8 52. Kc4 Ra8
53. Rb7 g3 54. Rxg7 Kf3 55. Kc5 g2 56. Rg5 Rxa7 57. Rxf5+ 0-1

[Event "12 Indiv. Ch. Greece-Men U18"]
[Site "?"]
[Date "2009.01.03"]
[Round "2.3"]
[White "Galopoulos, N."]
[Black "Kostas, Panagiotis"]
[Result "1-0"]
[WhiteElo "2217"]
[BlackElo "1916"]
[PlyCount "75"]
[EventDate "2009.01.02"]

1. d4 d5 2. c4 e6 3. Nc3 c5 4. cxd5 exd5 5. Nf3 Nc6 6. Bg5 Be7 7. Bxe7 Ngxe7 8.
e3 c4 9. Be2 Bg4 10. O-O O-O 11. b3 Qa5 12. Na4 b5 13. Nc5 Qc7 14. Rc1 Rfd8 15.
Qd2 a6 16. Qb2 Qb8 17. Rfd1 Ra7 18. Rd2 f5 19. h3 Bxf3 20. Bxf3 Na5 21. Rdc2
Qd6 22. Qc3 Nb7 23. bxc4 bxc4 24. Na4 Rb8 25. Rb2 Nd8 26. Rxb8 Qxb8 27. Qa5 Qd6
28. Nc3 Rd7 29. Rb1 Nb7 30. Qb6 Nd8 31. Qa5 Ndc6 32. Qxa6 Nxd4 33. Rb6 Nxf3+
34. gxf3 Qc7 35. Nb5 Qe5 36. Nd4 f4 37. Ne6 Ng6 38. Qc8+ 1-0

[Event "12 Indiv. Ch. Greece-Men U18"]
[Site "?"]
[Date "2009.01.03"]
[Round "2.4"]
[White "Sandalakis, Nikolaos"]
[Black "Filippas, Sebastian"]
[Result "1/2-1/2"]
[WhiteElo "1915"]
[BlackElo "2190"]
[PlyCount "74"]
[EventDate "2009.01.02"]

1. e4 c5 2. Nf3 d6 3. d4 cxd4 4. Nxd4 Nf6 5. Nc3 g6 6. Be3 Bg7 7. f3 Nc6 8. Qd2
Bd7 9. O-O-O Rc8 10. Bh6 Bxh6 11. Qxh6 Nxd4 12. Rxd4 Rxc3 13. bxc3 Qa5 14. Kd2
b5 15. a4 bxa4 16. Rb4 Qc7 17. Ba6 Bc6 18. Rhb1 Nd7 19. Qg7 Rf8 20. Bb5 Bxb5
21. Rxb5 Nb6 22. Qd4 e5 23. Qb4 Kd7 24. Rxb6 axb6 25. Qxa4+ Ke7 26. Qb5 Rb8 27.
Qd5 Qc5 28. Qxc5 dxc5 29. c4 Rd8+ 30. Ke2 Rd6 31. c3 f5 32. Ra1 Kf6 33. Ra7
fxe4 34. fxe4 b5 35. Ra8 Ke7 36. Ra7+ Kf6 37. Ra8 Ke7 1/2-1/2

[Event "12 Indiv. Ch. Greece-Men U18"]
[Site "?"]
[Date "2009.01.03"]
[Round "2.5"]
[White "Malikentzos, Sotirios"]
[Black "Balokas, Dimitrios-Konstanti"]
[Result "1/2-1/2"]
[WhiteElo "2154"]
[BlackElo "1882"]
[PlyCount "55"]
[EventDate "2009.01.02"]

1. d4 Nf6 2. c4 c5 3. d5 b5 4. cxb5 a6 5. bxa6 g6 6. Nc3 Bxa6 7. g3 Bg7 8. Bg2
d6 9. Nf3 Nbd7 10. Rb1 O-O 11. O-O Qa5 12. Bd2 Rfb8 13. Qc2 Bb7 14. Rfe1 Ng4
15. h3 Nge5 16. Nxe5 Nxe5 17. b3 Qa3 18. Bg5 Kf8 19. Bc1 Qb4 20. Bd2 Qa3 21. f4
Nd7 22. e4 c4 23. Kh2 Ba6 24. Qc1 Qxc1 25. Rexc1 cxb3 26. Rxb3 Rxb3 27. axb3
Nc5 28. Be3 1/2-1/2

[Event "12 Indiv. Ch. Greece-Men U18"]
[Site "?"]
[Date "2009.01.03"]
[Round "2.6"]
[White "Asimakopoulos, Konstantinos"]
[Black "Homatidis, Panagiotis"]
[Result "1-0"]
[WhiteElo "1870"]
[BlackElo "2133"]
[PlyCount "115"]
[EventDate "2009.01.02"]

1. e4 c5 2. Nf3 d6 3. d4 Nf6 4. Nc3 cxd4 5. Nxd4 Nc6 6. Be3 g6 7. Be2 Bg7 8.
Qd2 a6 9. O-O O-O 10. a4 Ng4 11. Bxg4 Bxg4 12. h3 Bd7 13. Nxc6 bxc6 14. Bh6 Qb6
15. Bxg7 Kxg7 16. b3 a5 17. Rad1 Rab8 18. Kh1 f5 19. e5 d5 20. f4 e6 21. Qf2
Qxf2 22. Rxf2 Bc8 23. Rfd2 h6 24. Kh2 Ba6 25. g3 Rfd8 26. g4 Rf8 27. Kg3 Rb4
28. Rd4 Rfb8 29. gxf5 gxf5 30. Na2 Rxd4 31. Rxd4 c5 32. Rd2 c4 33. Nc1 Kf7 34.
Rd4 Ke7 35. Kh4 Rg8 36. bxc4 Bxc4 37. Nb3 Bxb3 38. cxb3 Kd7 39. b4 Kc6 40. Kh5
Rg3 41. Kxh6 Rxh3+ 42. Kg5 Ra3 43. Kf6 Rxa4 44. Kxe6 Rxb4 45. Rxd5 a4 46. Rd6+
Kb7 47. Kxf5 a3 48. Rd1 a2 49. Ra1 Ra4 50. Ke6 Rxf4 51. Rxa2 Rh4 52. Kd6 Rd4+
53. Ke7 Kc6 54. e6 Rh4 55. Rc2+ Kd5 56. Kd7 Rh6 57. Rd2+ Ke5 58. e7 1-0

[Event "12 Indiv. Ch. Greece-Men U18"]
[Site "?"]
[Date "2009.01.03"]
[Round "2.10"]
[White "Kaforos, Dimitrios-Alkis"]
[Black "Koronas, Vasilios"]
[Result "1-0"]
[WhiteElo "2182"]
[BlackElo "1745"]
[PlyCount "33"]
[EventDate "2009.01.02"]

1. e4 c5 2. Nf3 d6 3. d4 cxd4 4. Nxd4 Nf6 5. Nc3 a6 6. Bg5 Qb6 7. Bxf6 gxf6 8.
Nd5 Qd8 9. Qf3 Nc6 10. O-O-O Rg8 11. Qb3 Bg7 12. Nf5 Bh8 13. Ndxe7 Be6 14. Nxc6
Bxb3 15. Nxd8 Be6 16. Nxd6+ Kf8 17. g3 1-0

[Event "12 Indiv. Ch. Greece-Men U18"]
[Site "?"]
[Date "2009.01.03"]
[Round "3.1"]
[White "Pambalos, Panayiotis"]
[Black "Pavlidis, Antonios"]
[Result "0-1"]
[WhiteElo "2123"]
[BlackElo "2278"]
[PlyCount "70"]
[EventDate "2009.01.02"]

1. e4 e5 2. Nf3 Nc6 3. d4 exd4 4. Nxd4 Bc5 5. Be3 Qf6 6. c3 Nge7 7. g3 h5 8.
Bg2 h4 9. O-O hxg3 10. hxg3 Ne5 11. Qe2 d6 12. f3 Qg6 13. Kf2 Rh2 14. Rh1 Rxh1
15. Bxh1 Bd7 16. b4 Bb6 17. a4 a5 18. Nb5 O-O-O 19. bxa5 Bxa5 20. Nd2 d5 21.
Nb3 Bb6 22. N5d4 dxe4 23. fxe4 Rh8 24. Bg2 Rh2 25. Bf4 Bh3 26. Rg1 Ng4+ 27. Kf1
Qh5 28. Qb5 Bxg2+ 29. Rxg2 Rh1+ 30. Ke2 f5 31. Nf3 Nf6 32. e5 Nfd5 33. Qd3 Qh3
34. Nh4 Nxf4+ 35. gxf4 Qxh4 0-1

[Event "12 Indiv. Ch. Greece-Men U18"]
[Site "?"]
[Date "2009.01.03"]
[Round "3.2"]
[White "Kourousis, Epaminondas"]
[Black "Asimakopoulos, Konstantinos"]
[Result "1-0"]
[WhiteElo "2228"]
[BlackElo "1870"]
[PlyCount "81"]
[EventDate "2009.01.02"]

1. d4 Nf6 2. Nf3 g6 3. g3 Bg7 4. Bg2 d6 5. O-O O-O 6. a4 Nbd7 7. a5 a6 8. Re1
e5 9. e4 Re8 10. h3 h6 11. Nc3 Rb8 12. Be3 b5 13. axb6 cxb6 14. Qd2 Kh7 15. b4
b5 16. Rad1 Bb7 17. dxe5 Nxe5 18. Nxe5 dxe5 19. Nd5 Nxd5 20. exd5 f5 21. h4 Qd7
22. Bc5 e4 23. h5 gxh5 24. Bh3 Re5 25. Qf4 Rbe8 26. Rxe4 Qf7 27. Rxe5 Rxe5 28.
d6 Bc8 29. Bg2 Bd7 30. Bf3 a5 31. Bd4 Re8 32. Bxg7 Qxg7 33. bxa5 Qc3 34. a6 Qa5
35. Rd5 Qxa6 36. Rxf5 Qa1+ 37. Kg2 Bxf5 38. Qxf5+ Kg7 39. Qd7+ Kf8 40. Bxh5
Qa8+ 41. Kh2 1-0

[Event "12 Indiv. Ch. Greece-Men U18"]
[Site "?"]
[Date "2009.01.03"]
[Round "3.3"]
[White "Hristodoulou, Panagiotis"]
[Black "Galopoulos, N."]
[Result "1/2-1/2"]
[WhiteElo "2110"]
[BlackElo "2217"]
[PlyCount "35"]
[EventDate "2009.01.02"]

1. e4 d5 2. exd5 Nf6 3. Nf3 Bg4 4. Bb5+ Nbd7 5. h3 Bh5 6. Nc3 a6 7. Be2 Nb6 8.
d4 Nbxd5 9. Nxd5 Qxd5 10. c4 Qd6 11. O-O e6 12. Be3 Be7 13. Ne5 Bxe2 14. Qxe2
O-O 15. Rad1 Rfd8 16. Rfe1 c5 17. Nf3 cxd4 18. Rxd4 1/2-1/2

[Event "12 Indiv. Ch. Greece-Men U18"]
[Site "?"]
[Date "2009.01.03"]
[Round "3.4"]
[White "Filippas, Sebastian"]
[Black "Liaskos, Leonidas"]
[Result "1-0"]
[WhiteElo "2190"]
[BlackElo "1997"]
[PlyCount "53"]
[EventDate "2009.01.02"]

1. d4 Nf6 2. c4 g6 3. Nc3 Bg7 4. e4 d6 5. Nf3 O-O 6. Be2 e5 7. Be3 c6 8. d5 Na6
9. Nd2 Ne8 10. g4 f5 11. gxf5 gxf5 12. exf5 Bxf5 13. Nde4 Qa5 14. Ng3 Bg6 15.
h4 Nb4 16. Rc1 cxd5 17. cxd5 Nf6 18. h5 Be4 19. Rg1 h6 20. a3 Na2 21. b4 Qxa3
22. Nb5 Qxb4+ 23. Bd2 Qb2 24. Nxe4 Nxe4 25. Rc2 Nxf2 26. Rxb2 Nxd1 27. Bxd1 1-0

[Event "12 Indiv. Ch. Greece-Men U18"]
[Site "?"]
[Date "2009.01.03"]
[Round "3.5"]
[White "Pappelis, Dimitrios"]
[Black "Kaforos, Dimitrios-Alkis"]
[Result "0-1"]
[WhiteElo "1994"]
[BlackElo "2182"]
[PlyCount "104"]
[EventDate "2009.01.02"]

1. Nf3 Nc6 2. e4 e5 3. Nc3 Nf6 4. g3 Bc5 5. Bg2 O-O 6. d3 a6 7. O-O d6 8. h3 h6
9. Nh4 Be6 10. Be3 Nd4 11. Nf5 Nxf5 12. exf5 Bxf5 13. Bxc5 dxc5 14. Bxb7 Bxh3
15. Bg2 Bxg2 16. Kxg2 Rb8 17. b3 Qd4 18. Na4 Nd5 19. Qe1 Nb6 20. Qa5 Nxa4 21.
bxa4 Rb2 22. Qxa6 Rxc2 23. Rac1 Rxa2 24. Qc4 Rxa4 25. Qxc5 Qxc5 26. Rxc5 Rd4
27. Rxc7 Rxd3 28. Re7 f6 29. Ra1 Kh7 30. Raa7 Rg8 31. Kf1 h5 32. Kg2 Kh6 33.
Ra6 Kg5 34. Raa7 g6 35. Ra6 Rf8 36. Ree6 Rd4 37. Re7 h4 38. gxh4+ Rxh4 39. Ra3
Rb8 40. Re6 Rf4 41. Rg3+ Kf5 42. Ra6 Rb2 43. Rf3 Rxf3 44. Kxf3 Rb3+ 45. Kg2 e4
46. Ra5+ Kg4 47. Ra6 Kg5 48. Ra5+ f5 49. Ra6 Rb2 50. Kg1 f4 51. Ra4 Kf5 52. Rc4
g5 0-1

[Event "12 Indiv. Ch. Greece-Men U18"]
[Site "?"]
[Date "2009.01.03"]
[Round "3.6"]
[White "Mavrikakis, Georgios"]
[Black "Malikentzos, Sotirios"]
[Result "0-1"]
[WhiteElo "1734"]
[BlackElo "2154"]
[PlyCount "74"]
[EventDate "2009.01.02"]

1. e4 c6 2. d4 d5 3. exd5 cxd5 4. Bd3 Nc6 5. c3 Nf6 6. Bf4 Bg4 7. Qb3 Qc8 8.
Nd2 e6 9. Ngf3 Be7 10. O-O O-O 11. Ne5 Bh5 12. Qc2 Bd6 13. Rae1 Qc7 14. Bg3
Rac8 15. Qb1 Bg6 16. f4 a6 17. Bh4 Ne7 18. Ndf3 Bxd3 19. Qxd3 Ne4 20. Bxe7 Bxe7
21. Nd2 f6 22. Ng4 f5 23. Ne5 Bd6 24. Rc1 Bxe5 25. fxe5 b5 26. Nxe4 fxe4 27.
Qh3 Qe7 28. Rxf8+ Rxf8 29. Rf1 Rxf1+ 30. Kxf1 h6 31. Qh5 Kh7 32. Qg4 b4 33. Qh3
bxc3 34. bxc3 Qg5 35. Ke2 Qc1 36. Qxe6 Qc2+ 37. Kf1 e3 0-1

[Event "12 Indiv. Ch. Greece-Men U18"]
[Site "?"]
[Date "2009.01.03"]
[Round "3.7"]
[White "Balokas, Dimitrios-Konstanti"]
[Black "Kirgeridis, Panagiotis"]
[Result "1/2-1/2"]
[WhiteElo "1882"]
[BlackElo "2061"]
[PlyCount "40"]
[EventDate "2009.01.02"]

1. d4 Nf6 2. c4 e6 3. Nf3 c5 4. d5 d6 5. Nc3 exd5 6. cxd5 g6 7. e4 Bg7 8. h3
O-O 9. Bd3 b5 10. Bxb5 Nxe4 11. Nxe4 Qa5+ 12. Nfd2 Qxb5 13. Nxd6 Qa6 14. N2c4
Rd8 15. Bf4 Nd7 16. O-O Nb6 17. Nxb6 Qxb6 18. Nxc8 Raxc8 19. Rb1 Qb7 20. d6 Bf8
1/2-1/2

[Event "12 Indiv. Ch. Greece-Men U18"]
[Site "?"]
[Date "2009.01.03"]
[Round "3.8"]
[White "Homatidis, Panagiotis"]
[Black "Sandalakis, Nikolaos"]
[Result "1-0"]
[WhiteElo "2133"]
[BlackElo "1915"]
[PlyCount "59"]
[EventDate "2009.01.02"]

1. e4 e5 2. Nf3 Nc6 3. Bb5 a6 4. Ba4 Nf6 5. O-O b5 6. Bb3 Be7 7. Re1 O-O 8. c3
d6 9. d4 Bg4 10. Bd5 Qd7 11. Bxc6 Qxc6 12. Bg5 h6 13. Bxf6 Bxf6 14. Nxe5 dxe5
15. Qxg4 exd4 16. e5 Be7 17. cxd4 Qc2 18. Nc3 Qxb2 19. Nd5 Bd8 20. Reb1 Qd2 21.
Rb3 c5 22. Rg3 g5 23. Rd1 Qxa2 24. dxc5 Qc2 25. Rc3 Qg6 26. c6 h5 27. Qb4 g4
28. c7 Bg5 29. Qd6 Kg7 30. Nb6 1-0

[Event "12 Indiv. Ch. Greece-Men U18"]
[Site "?"]
[Date "2009.01.03"]
[Round "3.9"]
[White "Dounis, Alexandros"]
[Black "Dimopoulos, Dimitrios"]
[Result "1/2-1/2"]
[WhiteElo "2158"]
[BlackElo "1892"]
[PlyCount "179"]
[EventDate "2009.01.02"]

1. Nf3 Nf6 2. g3 g6 3. Bg2 Bg7 4. O-O O-O 5. d4 d6 6. Re1 Nbd7 7. e4 e5 8. Nc3
c6 9. a4 a5 10. h3 h6 11. Be3 Qe7 12. Qd2 Kh7 13. Rad1 Ne8 14. b3 Nc7 15. Bf1
Re8 16. g4 Bf8 17. Nh2 Ne6 18. d5 Nc7 19. dxc6 bxc6 20. f4 exf4 21. Bxf4 Ne5
22. Bg2 Ne6 23. Bg3 Bb7 24. Ne2 Qc7 25. Nf3 Rad8 26. Ned4 Nxd4 27. Nxd4 Rd7 28.
Kh1 Red8 29. Qf4 Bg7 30. h4 Re7 31. g5 h5 32. Rf1 Bc8 33. Rd2 Ba6 34. Rfd1 Bc8
35. Ne2 Bg4 36. Bf2 Red7 37. Bd4 Bh8 38. Re1 Bg7 39. Nc3 Re7 40. Qf2 Rb8 41.
Nd1 Ree8 42. Ne3 Be6 43. Red1 Red8 44. Bb2 Rd7 45. Ba3 Rbd8 46. Qf4 Bf8 47. Bf1
Bg7 48. Be2 Bf8 49. Bb2 Bg7 50. Nf1 Bg4 51. Bxg4 Nxg4 52. Bxg7 Kxg7 53. Ne3
Nxe3 54. Qxe3 Qb8 55. Qf4 Qb4 56. Rd4 Qc5 57. R1d2 Kf8 58. Qf6 Ke8 59. Kg2 Qe5
60. Qxe5+ dxe5 61. Rxd7 Rxd7 62. Rxd7 Kxd7 63. Kf2 Ke6 64. Ke3 c5 65. c3 f6 66.
gxf6 Kxf6 67. b4 cxb4 68. cxb4 Ke6 69. bxa5 Kd6 70. Kd3 Kc7 71. Kc4 g5 72. hxg5
h4 73. g6 h3 74. g7 h2 75. g8=Q h1=Q 76. Qg7+ Kd8 77. Qf8+ Kd7 78. Qf7+ Kd8 79.
Qd5+ Kc8 80. Qc6+ Kd8 81. Kd5 Qd1+ 82. Kxe5 Qh5+ 83. Kd6 Qh2+ 84. e5 Qh6+ 85.
Kc5 Qe3+ 86. Kd6 Qh6+ 87. e6 Qxe6+ 88. Kc5 Qxc6+ 89. Kxc6 Kc8 90. Kb6 1/2-1/2